00344nam a2200109Ia 4500020001800000082001700018245007700035260003800112300001300150650004600163650002500209 a81-7029-271-9 a005.754 NOV; 0aNovell's application notes for netware 4.01: includes netware 4.0 & 4.01 aNew DelhibBPB Publicationsc1994 ax, 390p. aInformation retrieval - Computer programs aInformation networks